| 000 | 00631nam a2200205Ia 4500 | ||
|---|---|---|---|
| 005 | 20250923145149.0 | ||
| 008 | 008 250917s9999 xx 000 0 eng d | ||
| 037 | _aTextual | ||
| 040 |
_aDSWL _beng _cDSWL |
||
| 041 |
_aeng _2eng |
||
| 084 |
_aYX,za(L:421):6, N68;1 _qDSWL |
||
| 100 |
_aBanerjee, G.R. _9832428 |
||
| 245 | 4 |
_aThe tuberculosis patient _cby G.R. Banerjee |
|
| 260 |
_aBombay _bTata Institute of Social Sciences Chamber, Bombay - 71 AS. _c1968 |
||
| 300 | _axv, 186p. | ||
| 365 |
_aINR _b7.00 |
||
| 925 | _g7.00 | ||
| 942 |
_cTEXL _hYX,za(L:421):6, N68;1 |
||
| 999 |
_c1447936 _d1447936 |
||